[Event "Fire on the Board #1 (1800-2200, 30+3)"]
[Site "SchemingMind.com"]
[Date "2009.07.05"]
[Round "-"]
[White "sthorwall"]
[Black "An old friend"]
[Result "1/2-1/2"]
[WhiteCountry "USA"]
[BlackCountry "ENG"]
[WhiteElo "2113"]
[WhiteRD "72"]
[BlackElo "1926"]
[BlackRD "82"]
[GameID "210639"]

1. e4 e5 2. Nf3 f5 3. Nxe5 Qf6 4. Nc4 fxe4 5. Nc3 Qf7 6. Ne3 c6 7. Nxe4 d5 8. Ng3 Nf6 9. d4 Be7 10. Bd3 O-O
11. O-O Bd6 12. c4 b6 13. b3 Na6 14. Nef5 Bc7 15. Bd2 c5 16. cxd5 Nxd5 17. Ne3 Nxe3 18. Bxe3 Nb4 19. Be4 Ba6 20. Bxa8 Bxf1
21. dxc5 Be5 22. Nxf1 Bxa1 23. Qxa1 Nc2 24. Qc3 Nxe3 25. Qxe3 Rxa8 26. cxb6 axb6 27. a4= b5 28. axb5 Rb8 29. h3 Rxb5 30. Nd2 Rb8
31. Nc4 Qe8 32. Qxe8+ Rxe8 33. Kf1 Kf8=
1/2-1/2

[Event "Fire on the Board #1 (1800-2200, 30+3)"]
[Site "SchemingMind.com"]
[Date "2009.07.05"]
[Round "-"]
[White "An old friend"]
[Black "sthorwall"]
[Result "1/2-1/2"]
[WhiteCountry "ENG"]
[BlackCountry "USA"]
[WhiteElo "1881"]
[WhiteRD "90"]
[BlackElo "2105"]
[BlackRD "66"]
[GameID "210640"]

1. e4 e5 2. f4 exf4 3. Nf3 g5 4. Bc4 g4 5. O-O gxf3 6. Qxf3 Qf6 7. e5 Qxe5 8. Bxf7+ Kxf7 9. d4 Qxd4+ 10. Be3 Qf6
11. Bxf4 Bc5+ 12. Kh1 Ne7 13. Nc3 d6 14. Qh5+ Qg6 15. Bxd6+ Bf5 16. Qxg6+ Kxg6 17. Bxc5 Re8 18. Rae1 Bxc2 19. Re6+ Kg7 20. Rxe7+ Rxe7=
1/2-1/2

[Event "Fire on the Board #1 (1800-2200, 30+3)"]
[Site "SchemingMind.com"]
[Date "2009.07.05"]
[Round "-"]
[White "smothered mate"]
[Black "sthorwall"]
[Result "1/2-1/2"]
[WhiteCountry "POL"]
[BlackCountry "USA"]
[WhiteElo "1894"]
[WhiteRD "66"]
[BlackElo "2051"]
[BlackRD "68"]
[GameID "210651"]

1. e4 e5 2. Nf3 Nc6 3. Bb5 a6 4. Bxc6 dxc6 5. O-O Qd6 6. h3 Be6 7. Nc3 O-O-O 8. d3 Kb8 9. Be3 b6 10. d4 exd4
11. Nxd4 Bd7 12. e5 Qe7 13. Qd3 c5 14. Nde2 Bc8=
1/2-1/2

[Event "Fire on the Board #1 (1800-2200, 30+3)"]
[Site "SchemingMind.com"]
[Date "2009.07.03"]
[Round "-"]
[White "smothered mate"]
[Black "An old friend"]
[Result "1-0"]
[WhiteCountry "POL"]
[BlackCountry "ENG"]
[WhiteElo "1924"]
[WhiteRD "71"]
[BlackElo "1926"]
[BlackRD "82"]
[GameID "210652"]

1. e4 e5 2. Nf3 Nc6 3. Bb5 f5 4. d3 fxe4 5. dxe4 Nf6 6. O-O Bc5 7. Bc4 d6 8. Nc3 Bg4 9. Be3 Bb6 10. h3 Bh5
11. a4 Bxe3 12. fxe3 Qd7 13. Qd3 Bxf3 14. Rxf3 Rf8 15. Nb5 O-O-O 16. a5 a6= 17. Nc3 Nb4 18. Qe2 Qe8 19. Ra4 Nc6 20. Bxa6 bxa6
21. Qxa6+ Kd7 22. Rc4 Nb8 23. Rxc7+ Ke6 24. Qb7 Rd7 25. Nb5 Qd8 26. a6 Nxa6 27. Rxd7 Qxd7 28. Qxa6 Rb8 29. Nc3 Rxb2 30. Qc4+ Ke7
31. Nd5+ Nxd5 32. Qxd5 Qe6 33. Qa8 g6 34. Qf8+ Kd7 35. Rf7+
1-0

[Event "Fire on the Board #1 (1800-2200, 30+3)"]
[Site "SchemingMind.com"]
[Date "2009.07.05"]
[Round "-"]
[White "sthorwall"]
[Black "smothered mate"]
[Result "1-0"]
[WhiteCountry "USA"]
[BlackCountry "POL"]
[WhiteElo "2105"]
[WhiteRD "66"]
[BlackElo "1888"]
[BlackRD "67"]
[GameID "210653"]

1. e4 e5 2. f4 Bc5 3. Nf3 d6 4. c3 Qe7 5. d4 exd4 6. cxd4 Qxe4+ 7. Kf2 Bb4 8. a3 Ba5= 9. Qa4+ Nc6 10. Bb5 Nf6
11. Qxa5 Qc2+ 12. Nbd2 Ng4+ 13. Kg3 O-O 14. Qc3 Qg6 15. Nh4 Qf6 16. Ne4 Qxd4 17. Re1 Qb6 18. Bxc6 bxc6 19. Be3 Nxe3 20. Rxe3 d5
21. Nc5 Rb8 22. b4 Rd8 23. Rae1 Kf8 24. Qe5 Be6 25. Nf5
1-0

[Event "Fire on the Board #1 (1800-2200, 30+3)"]
[Site "SchemingMind.com"]
[Date "2009.07.05"]
[Round "-"]
[White "An old friend"]
[Black "smothered mate"]
[Result "1-0"]
[WhiteCountry "ENG"]
[BlackCountry "POL"]
[WhiteElo "1906"]
[WhiteRD "92"]
[BlackElo "1882"]
[BlackRD "69"]
[GameID "210654"]

1. e4 e5 2. Nf3 Nc6 3. d4 exd4 4. Bc4 Bb4+ 5. c3 dxc3 6. O-O Nge7 7. Ng5 d5 8. exd5 Ne5 9. Qa4+ Bd7 10. Qxb4 c2
11. Nd2 O-O 12. Qc3 N7g6 13. Ndf3 Nxc4 14. Qxc4 h6 15. Ne4 Bf5 16. Ng3 Qd7 17. Nxf5 Qxf5 18. Nd4 Qg4 19. f3 Ne5 20. fxg4 Nxc4
21. Nxc2 Rad8 22. Ne3 Nxe3 23. Bxe3 Rxd5 24. Rac1 Rd7 25. Rfd1 Re7 26. Bc5
1-0

[Event "Fire on the Board #1 (1800-2200, 30+3)"]
[Site "SchemingMind.com"]
[Date "2009.06.30"]
[Round "-"]
[White "klagefall"]
[Black "smothered mate"]
[Result "1/2-1/2"]
[WhiteCountry "GER"]
[BlackCountry "POL"]
[WhiteElo "2055"]
[WhiteRD "72"]
[BlackElo "1924"]
[BlackRD "71"]
[GameID "210665"]

1. e4 e5 2. Nf3 Nc6 3. Bc4 d6 4. d4 exd4 5. Nxd4 Ne5 6. Bb3 Nf6 7. Nc3 c5 8. Nde2 Be7 9. f4 Nc6 10. O-O Bg4
11. Qe1 O-O 12. Qg3 Nd4 13. Nxd4 cxd4 14. Nd5 Be2 15. Nxf6+ Bxf6 16. Re1 Bh4 17. Qxh4 Qxh4 18. Rxe2 Rfe8 19. Bd2 a5 20. a4 Rac8
21. e5 Rc5 22. Rae1 Qh5 23. Re4 dxe5 24. Rxd4 h6 25. Rd7 Rf8 26. Be3 Rc6 27. Rd5 Re8 28. Bf2 Rg6 29. g3 Qf3 30. fxe5 h5
31. Rd7 Ree6 32. Bd5 Qg4 33. Rxb7= h4 34. b3 hxg3 35. hxg3 Qh5 36. Be4 Rxe5 37. Bxg6 Rxe1+ 38. Bxe1 Qxg6 39. c4 Kh7 40. Rb5 Qb1
41. Kf2 Qc2+ 42. Kf1= Qd3+ 43. Kg1 Kg6 44. Kf2 Qc2+ 45. Kf3 Qd1+ 46. Kf2 f5 47. Bxa5 Kg5 48. c5 Kg4 49. Rb4+ Kg5 50. Rc4 Qxb3
51. Bd2+ Kh5 52. Rc3 Qxa4 53. c6 Qd1 54. Be3 Qb1 55. Rc1 Qa2+ 56. Kf3 Qd5+ 57. Kf2 Qa2+ 58. Kf3 Qd5+ 59. Ke2 Qg2+ 60. Bf2 Qe4+
61. Be3 Qg2+ 62. Bf2 Qe4+ 63. Be3=
1/2-1/2

[Event "Fire on the Board #1 (1800-2200, 30+3)"]
[Site "SchemingMind.com"]
[Date "2009.07.05"]
[Round "-"]
[White "klagefall"]
[Black "sthorwall"]
[Result "1-0"]
[WhiteCountry "GER"]
[BlackCountry "USA"]
[WhiteElo "2060"]
[WhiteRD "60"]
[BlackElo "2016"]
[BlackRD "70"]
[GameID "210666"]

1. e4 e5 2. Nf3 Nc6 3. Bc4 Nf6 4. d4 exd4 5. O-O Nxe4 6. Re1 d5 7. Bxd5 Qxd5 8. Nc3 Qh5 9. Nxe4 Be6 10. Bg5 Bd6
11. c4 h6 12. Nxd6+ cxd6 13. Bc1 O-O-O 14. Nxd4 Qxd1 15. Rxd1 Rhe8 16. Be3 Bxc4 17. Nf5 d5 18. Nxg7 Re4 19. Bxh6 d4 20. h4 f6
21. h5 Rd5 22. Bd2 f5 23. h6 f4 24. h7 Rd8 25. Nf5 Re6 26. Bxf4 Rh8 27. Nd6+ Rxd6 28. Bxd6 Rxh7 29. b3 Be2 30. Rd2 Bh5
31. Rc1 Kd8 32. Rxc6 bxc6 33. Rxd4
1-0

[Event "Fire on the Board #1 (1800-2200, 30+3)"]
[Site "SchemingMind.com"]
[Date "2009.07.03"]
[Round "-"]
[White "klagefall"]
[Black "An old friend"]
[Result "1/2-1/2"]
[WhiteCountry "GER"]
[BlackCountry "ENG"]
[WhiteElo "2045"]
[WhiteRD "56"]
[BlackElo "1895"]
[BlackRD "94"]
[GameID "210667"]

1. e4 e5 2. Nf3 Nc6 3. Bc4 Nf6 4. d4 exd4 5. O-O Nxe4 6. Re1 d5 7. Bxd5 Qxd5 8. Nc3 Qh5 9. Nxe4 Be6 10. Bg5 Bd6
11. c4 O-O 12. c5 Be5 13. Nxe5 Qxd1 14. Raxd1 Nxe5 15. Rxd4 Nc6 16. Ra4=
1/2-1/2

[Event "Fire on the Board #1 (1800-2200, 30+3)"]
[Site "SchemingMind.com"]
[Date "2009.06.30"]
[Round "-"]
[White "smothered mate"]
[Black "klagefall"]
[Result "1/2-1/2"]
[WhiteCountry "POL"]
[BlackCountry "GER"]
[WhiteElo "1904"]
[WhiteRD "58"]
[BlackElo "2045"]
[BlackRD "56"]
[GameID "210668"]

1. e4 e5 2. Nf3 Nc6 3. Bb5 a6 4. Bxc6 dxc6 5. O-O Bd6 6. h3 c5 7. d3 Ne7 8. Be3 Nc6 9. Nbd2 O-O 10. Qe2 Nd4
11. Qd1 f6 12. c3 Nc6 13. Nh4 Be6 14. Nf5 Qd7 15. Nxd6 Qxd6 16. Nc4 Qe7 17. a4 Rad8 18. Qc2 a5 19. f4 exf4 20. Rxf4 Bxc4
21. dxc4 Rd7 22. Qf2 b6 23. Re1 Ne5 24. Rf1 Nd3 25. Qf3 Nxf4 26. Qxf4 Re8 27. Qg4 Rd6 28. e5 Qxe5 29. Bf4 Qe6 30. Bxd6 Qxg4
31. hxg4 cxd6 32. Rd1 Re6 33. Kf2 Kf7 34. Kf3 Ke7 35. b4 axb4 36. cxb4 cxb4 37. Rb1 Kd7 38. Rxb4 Kc6 39. Rb5 Re5 40. Rb2 Rc5
41. Rc2 d5 42. cxd5+ Kxd5 43. Rb2 Kc6 44. Re2 Rg5 45. Re7 Kc5 46. Rb7 Kc6 47. Re7 Kd5 48. Rb7 Kc5 49. Rc7+ Kb4 50. Rb7 Kxa4=
1/2-1/2

[Event "Fire on the Board #1 (1800-2200, 30+3)"]
[Site "SchemingMind.com"]
[Date "2009.07.05"]
[Round "-"]
[White "sthorwall"]
[Black "klagefall"]
[Result "1/2-1/2"]
[WhiteCountry "USA"]
[BlackCountry "GER"]
[WhiteElo "1957"]
[WhiteRD "70"]
[BlackElo "2045"]
[BlackRD "56"]
[GameID "210669"]

1. e4 e5 2. Nc3 Nc6 3. Nf3 Nf6 4. d4 exd4 5. Nxd4 Bb4 6. Nxc6 bxc6 7. Bd3 d5 8. exd5 cxd5 9. O-O O-O 10. Bg5 c6
11. Qf3 Be7 12. h3 h6 13. Bf4=
1/2-1/2

[Event "Fire on the Board #1 (1800-2200, 30+3)"]
[Site "SchemingMind.com"]
[Date "2009.07.03"]
[Round "-"]
[White "An old friend"]
[Black "klagefall"]
[Result "0-1"]
[WhiteCountry "ENG"]
[BlackCountry "GER"]
[WhiteElo "1888"]
[WhiteRD "89"]
[BlackElo "2060"]
[BlackRD "60"]
[GameID "210670"]

1. e4 e5 2. f4 Bc5 3. Nf3 d6 4. Nc3 Nf6 5. Bc4 Nc6 6. d3 Bg4 7. Na4 O-O 8. Nxc5 dxc5 9. f5 Nd4 10. c3 Nc6
11. Bg5 h6 12. Bh4 Qd6 13. h3 Bxf3= 14. gxf3 Na5 15. Bb3 Nxb3 16. axb3 a6 17. Rg1 Nh5 18. Qd2 Nf4 19. f6 g5 20. Bxg5 hxg5
21. Rxg5+ Kh7 22. O-O-O Qxf6 23. Rdg1 Rg8
0-1

[Event "Fire on the Board #1 (1800-2200, 30+3)"]
[Site "SchemingMind.com"]
[Date "2009.07.01"]
[Round "-"]
[White "MazetaFighter"]
[Black "smothered mate"]
[Result "0-1"]
[WhiteCountry "GRE"]
[BlackCountry "POL"]
[WhiteElo "1957"]
[WhiteRD "72"]
[BlackElo "1888"]
[BlackRD "67"]
[GameID "210786"]

1. e4 e5 2. Nf3 Nc6 3. Bb5 a6 4. Ba4 Nf6 5. O-O Be7 6. Re1 b5 7. Bb3 d6 8. c3 O-O 9. h3 Na5 10. Bc2 c5
11. d4 cxd4 12. cxd4 Bb7 13. a4 b4 14. d5 Rc8 15. b3 Qc7 16. Bd3 Ne8 17. Bd2 Qb6 18. Be3 Qc7 19. Nbd2 f5 20. exf5 Nf6
21. Ng5 Qc3 22. Nc4 Nxb3
0-1

[Event "Fire on the Board #1 (1800-2200, 30+3)"]
[Site "SchemingMind.com"]
[Date "2009.07.05"]
[Round "-"]
[White "MazetaFighter"]
[Black "sthorwall"]
[Result "1/2-1/2"]
[WhiteCountry "GRE"]
[BlackCountry "USA"]
[WhiteElo "1832"]
[WhiteRD "78"]
[BlackElo "2113"]
[BlackRD "72"]
[GameID "210787"]

1. e4 e5 2. Nf3 Nc6 3. Bb5 a6 4. Bxc6 dxc6 5. O-O Qd6 6. d3 Ne7 7. Be3 Ng6 8. Nbd2 Be7 9. Nc4 Qe6 10. Qd2 f6
11. c3 Nf4 12. Bxf4 exf4 13. Qxf4 Qd7 14. Rad1 O-O 15. d4 b5 16. Ne3 Bd6 17. Qh4 Qe6 18. d5 cxd5 19. exd5 Qf7 20. Nd4 Bd7
21. Ndf5 Bxf5 22. Nxf5 Qg6 23. Nxd6 cxd6 24. Qf4 f5 25. Rfe1 Rfe8 26. Kf1 Re4 27. Rxe4 fxe4 28. Re1 Re8 29. f3 exf3 30. Rxe8+ Qxe8
31. Qxf3 h6 32. g3 Qg6 33. Qd1 Qe4 34. Kf2 g5 35. b3 a5 36. a4=
1/2-1/2

[Event "Fire on the Board #1 (1800-2200, 30+3)"]
[Site "SchemingMind.com"]
[Date "2009.07.01"]
[Round "-"]
[White "MazetaFighter"]
[Black "klagefall"]
[Result "1/2-1/2"]
[WhiteCountry "GRE"]
[BlackCountry "GER"]
[WhiteElo "2004"]
[WhiteRD "61"]
[BlackElo "2045"]
[BlackRD "56"]
[GameID "210788"]

1. e4 e5 2. Nf3 Nc6 3. Nc3 Nf6 4. Bb5 Bb4 5. O-O O-O 6. d3 d6 7. Bg5 Bxc3 8. bxc3 Qe7 9. Re1 Nd8 10. d4 Ne6
11. Bxf6 Qxf6 12. g3 c5 13. d5 Nc7 14. Bf1 b5 15. Bg2 Bd7 16. Rb1 a5 17. a3 Rfb8 18. Nd2 b4 19. axb4 axb4 20. cxb4=
1/2-1/2

[Event "Fire on the Board #1 (1800-2200, 30+3)"]
[Site "SchemingMind.com"]
[Date "2009.07.03"]
[Round "-"]
[White "MazetaFighter"]
[Black "An old friend"]
[Result "0-1"]
[WhiteCountry "GRE"]
[BlackCountry "ENG"]
[WhiteElo "1832"]
[WhiteRD "78"]
[BlackElo "1926"]
[BlackRD "82"]
[GameID "210789"]

1. e4 e5 2. Nf3 Nc6 3. Bb5 f5 4. Nc3 fxe4 5. Nxe4 d5 6. Nxe5 dxe4 7. Qh5+ g6 8. Nxg6 hxg6 9. Qxh8 Qf6 10. Qxf6 Nxf6
11. Bxc6+ bxc6 12. b3 Kf7= 13. Bb2 Bf5 14. O-O Nd5 15. a3 Bh6 16. Rad1 c5 17. h3 a5 18. g4 Bd7 19. Rfe1 Re8 20. c4 Nf4
21. Kf1 Nd3 22. Bc3 Nxe1 23. Rxe1 a4 24. bxa4 Bxa4 25. Kg2 Bb3 26. Rb1 Bxc4 27. Rb7 Re7 28. Rb8 Bd5 29. a4 e3+ 30. Kf1 exd2
31. Rb1 Ba2 32. Rd1 Bb3
0-1

[Event "Fire on the Board #1 (1800-2200, 30+3)"]
[Site "SchemingMind.com"]
[Date "2009.07.01"]
[Round "-"]
[White "smothered mate"]
[Black "MazetaFighter"]
[Result "1-0"]
[WhiteCountry "POL"]
[BlackCountry "GRE"]
[WhiteElo "1888"]
[WhiteRD "67"]
[BlackElo "1957"]
[BlackRD "72"]
[GameID "210790"]

1. e4 e5 2. Nf3 Nc6 3. Bb5 a6 4. Bxc6 dxc6 5. O-O Qd6 6. h3 Be6 7. Nc3 O-O-O 8. d3 h6 9. Be3 g6 10. d4 exd4
11. Bxd4 Rh7 12. Qe2 f5 13. Rfd1 Qe7 14. Ne5 Qe8 15. f4 fxe4 16. Nxe4 Bd5 17. Rd3
1-0

[Event "Fire on the Board #1 (1800-2200, 30+3)"]
[Site "SchemingMind.com"]
[Date "2009.07.05"]
[Round "-"]
[White "sthorwall"]
[Black "MazetaFighter"]
[Result "1/2-1/2"]
[WhiteCountry "USA"]
[BlackCountry "GRE"]
[WhiteElo "2051"]
[WhiteRD "68"]
[BlackElo "1990"]
[BlackRD "68"]
[GameID "210791"]

1. e4 e5 2. f4 exf4 3. Nf3 d5 4. exd5 Nf6 5. Bb5+ c6 6. dxc6 Nxc6 7. d4 Bd6 8. Qe2+ Be6 9. Ng5 O-O 10. Nxe6 fxe6
11. Qxe6+ Kh8 12. Bxc6 bxc6 13. O-O f3 14. Rxf3 Re8 15. Qf5 Qb6 16. c3 Re1+ 17. Rf1 Rxf1+ 18. Qxf1 Qc7 19. g3=
1/2-1/2

[Event "Fire on the Board #1 (1800-2200, 30+3)"]
[Site "SchemingMind.com"]
[Date "2009.07.01"]
[Round "-"]
[White "klagefall"]
[Black "MazetaFighter"]
[Result "1/2-1/2"]
[WhiteCountry "GER"]
[BlackCountry "GRE"]
[WhiteElo "2029"]
[WhiteRD "59"]
[BlackElo "2011"]
[BlackRD "61"]
[GameID "210792"]

1. e4 e5 2. Nf3 Nc6 3. Bc4 Bc5 4. c3 Nf6 5. d4 exd4 6. cxd4 Bb4+ 7. Bd2 Bxd2+ 8. Nbxd2 d5 9. exd5 Nxd5 10. Qb3 Nce7
11. O-O O-O= 12. Ne5 c6 13. Rfe1=
1/2-1/2

[Event "Fire on the Board #1 (1800-2200, 30+3)"]
[Site "SchemingMind.com"]
[Date "2009.07.03"]
[Round "-"]
[White "An old friend"]
[Black "MazetaFighter"]
[Result "1-0"]
[WhiteCountry "ENG"]
[BlackCountry "GRE"]
[WhiteElo "1926"]
[WhiteRD "82"]
[BlackElo "1832"]
[BlackRD "78"]
[GameID "210793"]

1. e4 e5 2. f4 d5 3. exd5 exf4 4. Nf3 Nf6 5. Bb5+ c6 6. dxc6 Nxc6 7. d4 Bd6 8. O-O O-O 9. c4 Bg4 10. Nc3 Rc8
11. Bxc6 Rxc6 12. c5 Bb8 13. b4 Nd5 14. Nxd5 Qxd5 15. b5 Re6 16. Bb2 Rfe8 17. Qb3 Qxb3 18. axb3 Re3 19. b4 Rb3 20. Ba3 Bd7
21. d5 Bxb5 22. Rfd1 Ree3 23. d6 Bd7 24. Re1 Rxa3 25. Rxa3 Rxa3 26. Ne5 Be6 27. d7 Bc7 28. Rd1 Bd8 29. c6 bxc6 30. Nxc6 Bb6+
31. Kf1 Bc4+ 32. Ke1 Re3+ 33. Kd2
1-0

[Event "Fire on the Board #1 (1800-2200, 30+3)"]
[Site "SchemingMind.com"]
[Date "2009.07.05"]
[Round "-"]
[White "Chess Tiger"]
[Black "smothered mate"]
[Result "1-0"]
[WhiteCountry "GER"]
[BlackCountry "POL"]
[WhiteElo "2204"]
[WhiteRD "117"]
[BlackElo "1869"]
[BlackRD "55"]
[GameID "211120"]

1. e4 e5 2. Nf3 Nc6 3. Bb5 a6 4. Ba4 Nf6 5. O-O Be7 6. Re1 d6 7. c3 b5 8. Bc2 O-O 9. h3 Bb7 10. d4 Re8
11. Nbd2 d5 12. dxe5 Nxe4 13. Nxe4 dxe4 14. Bxe4 Qb8 15. e6 fxe6 16. Qc2 g6 17. Bxg6 hxg6 18. Qxg6+ Kh8 19. Ng5 Bxg5 20. Bxg5 Rf8
21. Re4
1-0

[Event "Fire on the Board #1 (1800-2200, 30+3)"]
[Site "SchemingMind.com"]
[Date "2009.07.03"]
[Round "-"]
[White "Chess Tiger"]
[Black "MazetaFighter"]
[Result "1-0"]
[WhiteCountry "GER"]
[BlackCountry "GRE"]
[WhiteElo "2324"]
[WhiteRD "88"]
[BlackElo "2002"]
[BlackRD "63"]
[GameID "211121"]

1. e4 e5 2. Nf3 Nc6 3. Bb5 a6 4. Ba4 d6 5. c3 f5 6. exf5 Bxf5 7. O-O Bd3 8. Re1 Be7 9. Bc2 Bxc2 10. Qxc2 Nf6
11. d4 O-O 12. d5 e4 13. Ng5 Ne5 14. Ne6 Qd7 15. Nd2 Rfc8 16. Nxe4 Nxd5= 17. N4g5 Bxg5 18. Nxg5 Ng6 19. Bd2 Re8 20. g3 Nf6
21. Be3 Ng4 22. Bd4 c5 23. Qb3+
1-0

[Event "Fire on the Board #1 (1800-2200, 30+3)"]
[Site "SchemingMind.com"]
[Date "2009.07.08"]
[Round "-"]
[White "Chess Tiger"]
[Black "sthorwall"]
[Result "1/2-1/2"]
[WhiteCountry "GER"]
[BlackCountry "USA"]
[WhiteElo "2373"]
[WhiteRD "85"]
[BlackElo "2136"]
[BlackRD "75"]
[GameID "211122"]

1. e4 e5 2. Nf3 Nc6 3. Bc4 Bc5 4. c3 Nf6 5. d3 d6 6. b4 Bb6 7. a4 a6 8. O-O O-O 9. Nbd2 h6 10. Bb3 Be6
11. Bxe6 fxe6 12. Nc4 Ba7 13. Be3 Re8 14. Bxa7 Nxa7 15. Qb3 Qd7 16. Rfe1 Nh5 17. d4 exd4 18. cxd4 Nf4 19. g3 Ng6 20. Ncd2 Rf8
21. Rec1 Kh8 22. Qc4 c6 23. Ra3 Nc8 24. Qc2 Qe8 25. Re3 Nce7 26. Rce1 Rd8 27. h4 Rf7 28. Kg2 Nf8 29. Nc4 Nc8 30. Nb2 Nd7
31. Nd3 Ne7 32. Qb3 Rf6 33. b5 axb5 34. axb5 Rc8 35. Rc1 Rd8 36. Qb4 d5 37. e5 Rf7 38. Nf4 Nf8 39. bxc6 Nxc6 40. Qb6 Ra8
41. Qb5 Ra2=
1/2-1/2

[Event "Fire on the Board #1 (1800-2200, 30+3)"]
[Site "SchemingMind.com"]
[Date "2009.07.05"]
[Round "-"]
[White "Chess Tiger"]
[Black "klagefall"]
[Result "1/2-1/2"]
[WhiteCountry "GER"]
[BlackCountry "GER"]
[WhiteElo "2324"]
[WhiteRD "88"]
[BlackElo "2060"]
[BlackRD "60"]
[GameID "211123"]

1. e4 e5 2. Nf3 Nc6 3. Bb5 a6 4. Bxc6 dxc6 5. O-O Bd6 6. d4 exd4 7. Qxd4 f6 8. Be3 Ne7 9. Nbd2 Be6 10. Qc3 Ng6
11. Nd4 Qe7 12. Nxe6 Qxe6 13. Qb3 Qxb3 14. axb3 O-O 15. Nc4 Rfe8 16. f3 f5 17. exf5 Nh4 18. g4 b5 19. Nxd6 Rxe3 20. Ne4 Nxf3+
21. Kf2 Rxe4 22. Kxf3 Re5 23. Rfe1 Rxe1 24. Rxe1 Rd8 25. b4 Kf7 26. Re6 Rd6 27. Rxd6 cxd6 28. g5 Ke7= 29. Ke4 Kf7 30. h4 Ke7
31. Kf4 Kf7 32. Kg4 Ke7 33. Kh5 Kf8 34. c3 Kf7 35. f6 gxf6 36. Kh6 fxg5 37. hxg5 Kg8 38. g6 hxg6 39. Kxg6 d5 40. Kf6 Kh7
41. Ke6 Kg6 42. Kd6 Kf5 43. Kxc6 Ke4 44. Kb6 Kd3 45. Kxa6 Kc2 46. Kxb5 Kxb2 47. c4 d4 48. c5 d3 49. c6 d2 50. c7 d1=Q
51. c8=Q Qd5+ 52. Qc5 Qb7+=
1/2-1/2

[Event "Fire on the Board #1 (1800-2200, 30+3)"]
[Site "SchemingMind.com"]
[Date "2009.07.03"]
[Round "-"]
[White "Chess Tiger"]
[Black "An old friend"]
[Result "1-0"]
[WhiteCountry "GER"]
[BlackCountry "ENG"]
[WhiteElo "2324"]
[WhiteRD "88"]
[BlackElo "1888"]
[BlackRD "89"]
[GameID "211124"]

1. e4 e5 2. Nf3 Nc6 3. Bb5 f5 4. Nc3 fxe4 5. Nxe4 Nf6 6. Nxf6+ Qxf6 7. Qe2 Be7 8. Bxc6 dxc6 9. Nxe5 Bf5 10. O-O O-O
11. d4 Bd6 12. c3 Be6 13. f4 Rae8 14. Be3 Qf5 15. b3 a5 16. Rae1 c5 17. c4 cxd4 18. Bxd4 Bxe5 19. Bxe5 c6 20. Rf3 g6=
21. Qd2 a4 22. Bb2 axb3 23. Qc3
1-0

[Event "Fire on the Board #1 (1800-2200, 30+3)"]
[Site "SchemingMind.com"]
[Date "2009.07.05"]
[Round "-"]
[White "smothered mate"]
[Black "Chess Tiger"]
[Result "0-1"]
[WhiteCountry "POL"]
[BlackCountry "GER"]
[WhiteElo "1914"]
[WhiteRD "62"]
[BlackElo "2324"]
[BlackRD "88"]
[GameID "211125"]

1. e4 e5 2. Nf3 Nc6 3. Bb5 a6 4. Bxc6 dxc6 5. O-O f6 6. d4 exd4 7. Nxd4 c5 8. Nb3 Qxd1 9. Rxd1 Bg4 10. f3 Bd7
11. Be3 b6 12. Nc3 O-O-O 13. Rd2 Bd6 14. Nd5 Be6 15. Rad1 Bxd5 16. Rxd5 Ne7 17. R5d2 f5 18. Bg5 Rde8 19. Bxe7 Rxe7 20. exf5 Bf4
21. Rd5 Re2 22. Na1 Be3+ 23. Kh1 Bd4 24. c3 Rhe8 25. h3 c6 26. Rd6 Re1+
0-1

[Event "Fire on the Board #1 (1800-2200, 30+3)"]
[Site "SchemingMind.com"]
[Date "2009.07.03"]
[Round "-"]
[White "MazetaFighter"]
[Black "Chess Tiger"]
[Result "0-1"]
[WhiteCountry "GRE"]
[BlackCountry "GER"]
[WhiteElo "1957"]
[WhiteRD "72"]
[BlackElo "2352"]
[BlackRD "83"]
[GameID "211126"]

1. e4 e5 2. Nf3 Nc6 3. d4 exd4 4. Nxd4 Bc5 5. Be3 Qf6 6. c3 Nge7 7. Bc4 Ne5 8. Be2 Qg6 9. O-O d6 10. Kh1 Qxe4
11. Nd2 Qg6 12. Nb5 O-O 13. Nxc7 Rb8 14. Bh5 Qf5 15. f4 Bxe3 16. fxe5 Qxe5 17. Nc4= Qc5 18. Nxe3 Qxe3 19. Re1 Qg5 20. Qxd6 Qxh5
21. Rxe7 Qg6 22. Qxg6 hxg6 23. Rae1 Bf5 24. Nb5 Rfd8 25. Nd4 Bd7 26. Kg1 Re8 27. Rxe8+= Rxe8 28. Rxe8+ Bxe8 29. Kf2 Kf8 30. Ke3 Ke7
31. g3 Kd6 32. Ke4 Bd7 33. b4 g5 34. c4 b6 35. Nb5+ Bxb5 36. cxb5 Ke6 37. g4 g6 38. h3 f5+ 39. Kd4 Kd6 40. a4 Ke6
41. a5 Kd6
0-1

[Event "Fire on the Board #1 (1800-2200, 30+3)"]
[Site "SchemingMind.com"]
[Date "2009.07.08"]
[Round "-"]
[White "sthorwall"]
[Black "Chess Tiger"]
[Result "0-1"]
[WhiteCountry "USA"]
[BlackCountry "GER"]
[WhiteElo "2051"]
[WhiteRD "68"]
[BlackElo "2348"]
[BlackRD "84"]
[GameID "211127"]

1. e4 e5 2. f4 exf4 3. Nf3 g5 4. h4 g4 5. Ne5 d6 6. Nxg4 Be7 7. d3 Bxh4+ 8. Nf2 Qg5 9. Qd2 Bg3 10. Nc3 Nf6
11. Ne2 Qe5 12. Rb1 d5 13. Qc3 d4 14. Qc4 Nc6 15. Qa4 Rg8 16. Bd2 Bxf2+ 17. Kxf2 Ng4+ 18. Ke1 Ne3 19. Bxe3 fxe3 20. c3 Bg4
21. cxd4 Qf6 22. d5 O-O-O 23. Kd1 Nd4 24. Rg1 Nxe2
0-1

[Event "Fire on the Board #1 (1800-2200, 30+3)"]
[Site "SchemingMind.com"]
[Date "2009.07.05"]
[Round "-"]
[White "klagefall"]
[Black "Chess Tiger"]
[Result "0-1"]
[WhiteCountry "GER"]
[BlackCountry "GER"]
[WhiteElo "2042"]
[WhiteRD "73"]
[BlackElo "2360"]
[BlackRD "86"]
[GameID "211128"]

1. e4 e5 2. Nf3 Nc6 3. Bc4 Bc5 4. O-O Nf6 5. d4 Bxd4 6. Nxd4 Nxd4 7. f4 d6 8. fxe5 dxe5 9. Bg5 Qe7 10. Rf2 Rg8
11. Nc3 Be6 12. Nd5 Bxd5 13. Bxd5 c6 14. c3 Nb5 15. Bc4 Nd6 16. Bd3 O-O-O 17. Qf3 Nde8 18. Rd1 h6 19. Be3 Kb8 20. Rfd2 Nd6
21. a4 Rd7 22. c4 Rgd8 23. b3 Nde8 24. Qg3 Ka8 25. h3 Nh5 26. Qf2 Nf4 27. Bc2 Rxd2 28. Rxd2 Rxd2 29. Qxd2 Ne6 30. b4 Qd6
31. Qf2 Qxb4 32. Qxf7 N8c7 33. Qg8+ Qf8 34. Qxf8+ Nxf8 35. Bc5 Nce6 36. Bd6 Nd7 37. a5 Nec5 38. Kf2 b6 39. axb6 a5 40. Ke2 Kb7
41. Kd2 Kxb6 42. Kc3 Nb7 43. Be7 Ndc5 44. h4 Kc7 45. Bf8 Ne6 46. Ba3 Nd6 47. g3 Nd4 48. Bd3 Nb7 49. Bf8 Ne6 50. Ba3 Nbc5
51. Bb1 Kb6 52. Kd2 Nd4 53. Bb2 Nd7 54. Bd3 a4 55. Kc3 c5 56. g4 Nf6 57. g5 hxg5 58. hxg5 Ng4 59. g6 Kc6 60. Bc2 Nxc2
61. Kxc2 Kd6 62. Bc1 Nf6 63. Kb2 Nxe4 64. Ka3 Ke6 65. Kxa4 Kf6 66. Kb5 Kxg6 67. Be3 Kf5 68. Bxc5 Nxc5 69. Kxc5 e4
0-1

[Event "Fire on the Board #1 (1800-2200, 30+3)"]
[Site "SchemingMind.com"]
[Date "2009.07.03"]
[Round "-"]
[White "An old friend"]
[Black "Chess Tiger"]
[Result "0-1"]
[WhiteCountry "ENG"]
[BlackCountry "GER"]
[WhiteElo "1888"]
[WhiteRD "89"]
[BlackElo "2324"]
[BlackRD "88"]
[GameID "211129"]

1. e4 e5 2. f4 exf4 3. Nf3 g5 4. Bc4 Bg7 5. h4 h6 6. d4 d6 7. c3 Nc6 8. Qb3 Qe7 9. Bd5 g4 10. Ng1 Nf6
11. Bxf4 Na5 12. Qa4+ Bd7 13. Qxa5 b6 14. Bxf7+ Kxf7 15. Qb4 Qxe4+ 16. Ne2 Rae8 17. Qc4+ d5
0-1